Sports Quiz

Random Sports or MLB Quiz

Postseason Pitching Wins Quiz Stats

 Plays Quiz Updated Oct 4, 2019

Score 0/12 Timer 05:00
11 Plays Today
Wins Pitcher % Correct
13Justin Verlander
92.6%
12Roger Clemens
90.9%
11Greg Maddux
85.1%
14Tom Glavine
84.6%
19Andy Pettitte
84.3%
15John Smoltz
80%
10CC Sabathia
76.5%
11Curt Schilling
73.2%
10Whitey Ford
70%
10Chris Carpenter
51.6%
10David Wells
36.5%
10Dave Stewart
33.9%

You're not logged in!

Compare scores with friends on all Sporcle quizzes.
OR
Log In

Sporcle TV

Today on Sporcle TV


Watch our educational content, quiz creation guides, and fun videos on Sporcle TV.

Show Comments

Extras

Top Quizzes Today


Score Distribution

Your Account Isn't Verified!

In order to create a playlist on Sporcle, you need to verify the email address you used during registration. Go to your Sporcle Settings to finish the process.

Report this User

Report this user for behavior that violates our Community Guidelines.

Details: